Médico de homens e de almas (Record no. 95)

MARC details
000 -LÍDER
campo de controle de tamanho fixo 01488nam a2200325 4500
001 - NÚMERO DE CONTROLE
campo de controle 95
003 - IDENTIFICADOR DO NÚMERO DE CONTROLE
campo de controle OSt
005 - DATA E HORÁRIO DA ÚLTIMA TRANSAÇÃO
campo de controle 20250528074011.0
008 - CAMPO DE DADOS FIXOS--INFORMAÇÃO GERAL
campo de controle de tamanho fixo 250124b |||||||e |||| 00| 1 eng d
020 ## - ISBN - INTERNATIONAL STANDARD BOOK NUMBER
ISBN - International Standard Book Number 978850112401
040 ## - FONTE DA CATALOGAÇÃO
Idioma da catalogação por
041 ## - CÓDIGO DE IDIOMA
Código do idioma do original e/ou traduções intermediárias do texto eng
Código do idioma do texto/trilha sonora ou título diferente por
082 ## - CDD - CLASSIFICAÇÃO DECIMAL DE DEWEY
Número de Classificação 922.22
Número do exemplar C147m
100 1# - ENTRADA PRINCIPAL--NOME PESSOAL
Nome pessoal Caldwell, Taylor,
Datas associadas ao nome 1900-1985
9 (RLIN) 206
240 ## - TÍTULO UNIFORME
Título uniforme Dear and Glorious Physician
245 ## - TÍTULO
Título Médico de homens e de almas
Restante do título A história de São Lucas /
Indicação de responsabilidade, etc. Caldwell, Taylor ; Tradução de Aydano Arruda
250 ## - EDIÇÃO
Declaração de edição 58° edição
260 ## - PUBLICAÇÃO, DISTRIBUIÇÃO, ETC.
Local de publicação, distribuição, etc. Rio de Janeiro
Nome do editor, distribuidor, etc. Record
Data da publicação, distribuição, etc. 2015
300 ## - DESCRIÇÃO FÍSICA
Extensão 700 p.
520 ## - NOTA DE RESUMO, ETC.
Resumo, etc. A Bíblia apresenta São Lucas como o médico de coração generoso, bem instruído e autor de um dos evangelhos e do Livro de Atos. Lendas antigas o descrevem como uma pessoa fora do comum, a quem são atribuídos milagres e prodígios antes mesmo de sua conversão ao cristianismo. Em 'Médico de Homens e Almas', Taylor Caldwell combina estas duas imagens de São Lucas, caracterizado pela constante preocupação com o sofrimento de enfermos, oprimidos e pobres. A autora pesquisou a vida e as obras de Lucas, e as descreve de forma romanceada num livro de detalhes históricos.
650 #0 - ASSUNTO--TERMO TÓPICO
Cabeçalho tópico ou nome geográfico Literatura Americana
9 (RLIN) 84
650 #0 - ASSUNTO--TERMO TÓPICO
Cabeçalho tópico ou nome geográfico Religião
9 (RLIN) 100
650 #0 - ASSUNTO--TERMO TÓPICO
Cabeçalho tópico ou nome geográfico Histórico
9 (RLIN) 53
650 #0 - ASSUNTO--TERMO TÓPICO
Cabeçalho tópico ou nome geográfico Catolocismo
9 (RLIN) 115
650 #0 - ASSUNTO--TERMO TÓPICO
Cabeçalho tópico ou nome geográfico Experiência de vida
9 (RLIN) 188
655 #0 - TERMO DE ÍNDICE--GÊNERO E FORMA
Gênero/forma/ou termo foco Romance
655 #0 - TERMO DE ÍNDICE--GÊNERO E FORMA
Gênero/forma/ou termo foco Ficção
700 ## - ENTRADA ADICIONADA - NOME PESSOAL
Nome pessoal Aydano Arruda
Função do autor por extenso Tradutor
9 (RLIN) 211
942 ## - ELEMENTOS DE ENTRADA ADICIONADOS (KOHA)
Fonte de classificação ou esquema de arquivamento Classificação decimal de Dewey
Ocultar no OPAC Não
Tipo de material Koha Livros
Holdings
Situação do descarte Situação das perdas Fonte de classificação ou esquema de arquivamento Status danificado Não pode ser emprestado Coleção Biblioteca de origem Biblioteca atual Localização na estante Data de aquisição Fonte de aquisição Total de empréstimos Número de chamada completo Código de barras Data de último acesso Data do preço efetivo Tipo de material Koha
    Classificação decimal de Dewey     Ficção Biblioteca Professor Eduardo Afonso de Castro Biblioteca Professor Eduardo Afonso de Castro Religiosidades 01.02.2021 doação   922.22 / C147m 2025-16593 23.01.2025 23.01.2025 Livros

Powered by Koha